000
00492nam a2200145Ia 4500
008
100204s9999 xx 000 0 und d
082
_b
15008
100
_a
सोनग्रा रतनलाल
245
_a
अरे सरकार सरकार
260
_b
"सुशिल प्रकाशन , मुंबई"
_c
1989
300
_a
79
630
_a
अरे सरकार सरकार
730
_a
अरे सरकार सरकार
942
_c
BOOK
999
_c
459439
_d
459436